| 000 | 00435nam a2200169 a 4500 | ||
|---|---|---|---|
| 005 | 20140310183301.0 | ||
| 008 | 041208s19uu xx 00 eng d | ||
| 020 | _a071009006508 | ||
| 050 |
_aPS 3569 _b.St813Hea 1992 |
||
| 100 | _aSteel, Danielle | ||
| 245 |
_aHeartbeat / _cDanielle Steel. |
||
| 260 |
_aUSA : _bDell Publishing, _c1992. |
||
| 300 |
_a404 p. : _c18 cm. |
||
| 650 | _aFiction. | ||
| 942 |
_cBK _2lcc |
||
| 999 |
_c20980 _d20980 |
||